The Institution of Building Control Officers - seventeenth weekend school presented by South Midlands district (Record no. 101396)

MARC details
000 -LEADER
fixed length control field 00681cam a2200193 4500
001 - CONTROL NUMBER
control field J64333
008 - FIXED-LENGTH DATA ELEMENTS--GENERAL INFORMATION
fixed length control field 000000n1983 000 0 eng u
035 ## - SYSTEM CONTROL NUMBER
System control number (Sirsi) u112300
110 ## - MAIN ENTRY--CORPORATE NAME
Corporate name or jurisdiction name as entry element Institute of Building Control
9 (RLIN) 3341
245 #4 - TITLE STATEMENT
Title The Institution of Building Control Officers - seventeenth weekend school presented by South Midlands district
260 ## - PUBLICATION, DISTRIBUTION, ETC.
Place of publication, distribution, etc. Epsom
Name of publisher, distributor, etc. IBC
Date of publication, distribution, etc. 1983
300 ## - PHYSICAL DESCRIPTION
Extent 36p. ; 30cm.
520 ## - SUMMARY, ETC.
Summary, etc. Stored in basement. Held at Reading University 25th-27th March 1983
650 ## - SUBJECT ADDED ENTRY--TOPICAL TERM
Topical term or geographic name entry element IBC
650 ## - SUBJECT ADDED ENTRY--TOPICAL TERM
Topical term or geographic name entry element INSTITUTE OF BUILDING CONTROL
650 ## - SUBJECT ADDED ENTRY--TOPICAL TERM
Topical term or geographic name entry element PROFESSIONAL ASSOCIATIONS
690 ## - LOCAL SUBJECT ADDED ENTRY--TOPICAL TERM (OCLC, RLIN)
Topical term or geographic name as entry element MANAGEMENT-BUSINESS MANAGEMENT-PROFESSIONAL PRACTICE
942 ## - ADDED ENTRY ELEMENTS (KOHA)
Suppress in OPAC 0
Holdings
Withdrawn status Lost status Source of classification or shelving scheme Damaged status Not for loan Home library Current library Shelving location Date acquired Total Checkouts Full call number Barcode Date last seen Copy number Price effective from Koha item type
    Dewey Decimal Classification     London London Basement 01/05/2001   BASEMENT 30064333 06/08/2019 1 06/08/2019 Reference material